Diseño de un sistema de radiocomunicación para proveer servicios de internet a Ciudad Residencial El Doral

El presente estudio es un diseño y simulación de un enlace punto a punto desde la Gruta Xavier a Residencial Ciudad el Doral, para crear una red punto multipunto para proveer servicios de internet a esta zona de una manera más económica y eficiente cumpliendo los estándares de los abonados....

Full description

Bibliographic Details
Main Authors: López Dávila, Carlos Rafael, Martínez Pulido, Guillermo Silvestre
Other Authors: Tutor: Dalla-Torre Parrales, Cedrick
Format: Tesis Section = Libro
Language:Undetermined
Spanish
Published: Managua UNI 2022
Subjects:
LEADER 01199nam a2200277Ia 4500
008 240830s9999 xx 000 0 und d
040 |a BIBLIOTECA-RUSB/ Mon 621.382 L864 
041 |a spa 
082 |a Mon 621.382 L864 
100 1 |a López Dávila, Carlos Rafael 
100 1 |b Martínez Pulido, Guillermo Silvestre 
245 1 0 |a Diseño de un sistema de radiocomunicación para proveer servicios de internet a Ciudad Residencial El Doral 
260 |a Managua  |b UNI  |c 2022 
300 |a 89 p. :il. 
500 |a Contiene: anexos y CD. 
502 |a Tesis (Ingeniero en Telecomunicaciones) - UNI, 2022. 
520 3 |a El presente estudio es un diseño y simulación de un enlace punto a punto desde la Gruta Xavier a Residencial Ciudad el Doral, para crear una red punto multipunto para proveer servicios de internet a esta zona de una manera más económica y eficiente cumpliendo los estándares de los abonados. 
650 7 |a TELECOMUNICACIONES 
650 7 |b  INGENIERIA DE COMUNICACIONES 
650 7 |c  RADIOENLACES 
650 7 |d  SISTEMA DE SIMULACION 
650 7 |e  INTERNET. 
700 1 |a Tutor:  |b Dalla-Torre Parrales, Cedrick 
942 |c BK  |2 ddc 
991 |a TESIS 
999 |c 27257